Statistics for Baden-Württemberg State Quiz

Click here to take the quiz!

General Stats

  • This quiz has been taken 448 times
  • The average score is 13 of 17

Answer Stats

HintAnswer% Correct
Bordering foreign countriesFrance
97%
Capital and largest cityStuttgart
97%
Bordering foreign countriesSwitzerland
97%
River along the western borderRhine
96%
Forested mountain area famous for its cuckoo clocksBlack Forest
91%
Name the two major car companies based in the capitalDaimler
90%
Spa town whose casino was frequented by Dostoyevsky. (Hint: The name is twice the same word. And it's an obvious word.)Baden-Baden
84%
Germany's oldest university is located in this cityHeidelberg
80%
Germany's largest lake, situated at the southeastern borderLake Constance
80%
The Spanish and French names for Germany derive from this tribeAlemanni
79%
Porsche
75%
Karlsruhe native Karls Drais invented the velocipede, a prototype of this popular vehicleBicycle
69%
The minster of this city is the tallest church in the worldUlm
67%
One of the branches of this royal house ruled Prussia and the German EmpireHohenzollern
51%
This poet, famous for his friendship with Goethe, wrote the lyrics to the "Ode to Joy"Friedrich Schiller
50%
Trivial question: what does the German verb "baden" mean in English?to bathe
49%
"Siddhartha" and "Steppenwolf" author born in CalwHermann Hesse
39%

Score Distribution

Percentile by Number Answered

Percent of People with Each Score

Your Score History

You have not taken this quiz